000
00213nmm a2200085Ia 4500
008
150209s2015||||xx |||||||||||||||||und||
100
_a
RANDHIR PURI
245
_a
OPERATIVE OBESTETRICS AND GYNAECOLOGY
942
_2
ddc
_c
CD
999
_c
6010
_d
6010